| 000 | 01733cam a22004218i 4500 | ||
|---|---|---|---|
| 001 | 19887146 | ||
| 003 | OSt | ||
| 005 | 20240221092728.0 | ||
| 008 | 170811s2018 nyu b 000 0beng | ||
| 010 | _a 2017037920 | ||
| 020 | _a9781616896409 (alk. paper) | ||
| 040 |
_aDLC _beng _erda _cDLC |
||
| 042 | _apcc | ||
| 043 | _an-us--- | ||
| 050 | 0 | 0 |
_aNA737.M4355 _bB33 2018 |
| 082 | 0 | 0 |
_a720.92 _aB _223 _bBAC |
| 100 | 1 |
_aBacon, Mardges, _eauthor. _9120911 |
|
| 245 | 1 | 0 |
_aJohn McAndrew's modernist vision : _bfrom the Vassar College Art Library to the Museum of Modern Art in New York / _cMardges Bacon ; with contributions by Susan Donahue Kuretsky, Molly Nesbit, Thomas E. Hill, Tobias Armborst, and Elizabeth Nogrady ; photographs by Andrew Tallon. |
| 250 | _aFirst edition. | ||
| 260 |
_aNew York: _bPrinceton Architectural Press; _c2018. |
||
| 263 | _a1809 | ||
| 300 | _a191p.: | ||
| 504 | _aIncludes bibliographical references. | ||
| 600 | 1 | 0 |
_aMcAndrew, John, _d1904-1978. _9120912 |
| 650 | 0 |
_aArchitects _zUnited States _vBiography. _9119019 |
|
| 650 | 0 |
_aArt museum curators _zUnited States _vBiography. _9120913 |
|
| 650 | 0 |
_aModern movement (Architecture) _zUnited States. _9120914 |
|
| 700 | 1 |
_aKuretsky, Susan Donahue. _9120915 |
|
| 700 | 1 |
_aNesbit, Molly, _d1952- _9120916 |
|
| 700 | 1 |
_aHill, Thomas E. _q(Thomas Edward), _d1952- _9120917 |
|
| 700 | 1 |
_aArmborst, Tobias. _9120918 |
|
| 700 | 1 |
_aNogrady, Elizabeth. _9120919 |
|
| 700 | 1 |
_aTallon, Andrew, _d1969- _ephotographer (expression) _9120920 |
|
| 906 |
_a7 _bcbc _corignew _d1 _eecip _f20 _gy-gencatlg |
||
| 942 |
_2ddc _cBK _aSADA _k720.92 BAC 2018 |
||
| 999 |
_c607938 _d607938 |
||